Sal a pajarear : (Record no. 148263)

MARC details
000 -CABECERA
campo de control de longitud fija 00738nam a2200205 u 4500
005 - FECHA Y HORA DE LA ÚLTIMA TRANSACCIÓN
campo de control 20220530120057.0
008 - ELEMENTOS DE LONGITUD FIJA--INFORMACIÓN GENERAL
campo de control de longitud fija 100527s2000 r 000 0 eng d
020 ## - NÚMERO INTERNACIONAL NORMALIZADO PARA LIBROS
Número Internacional Estándar del Libro 9789687559230
035 ## - NÚMERO DE CONTROL DEL SISTEMA
Número de control de sistema UPN01000176160
049 ## - COLECCIÓN
Colección I
050 #4 - SIGNATURA TOPOGRÁFICA DE LA BIBLIOTECA DEL CONGRESO
Número de clasificación QL676.2
Número de documento/Ítem H4.7
100 1# - ASIENTO PRINCIPAL--NOMBRE PERSONAL
Nombre de persona Hernández Vázquez, Salvador
245 10 - MENCIÓN DE TÍTULO
Título Sal a pajarear :
Resto del título guía de campo : aves de la península El Tamarindo y área aledañas /
Mención de responsabilidad, etc. Salvador Hernández Vázquez ; il. Rodrigo Esparza Salas.
260 ## - PUBLICACIÓN, DISTRIBUCIÓN, ETC.
Lugar de publicación, distribución, etc. México :
Nombre del editor, distribuidor, etc. Fundación de la Costa de Jalisco,
Fecha de publicación, distribución, etc. [200-].
300 ## - DESCRIPCIÓN FÍSICA
Extensión 226 p. :
Otras características físicas il. col.
650 #4 - ASIENTO SECUNDARIO DE MATERIA - TERMINO TEMATICO
Término de materia o nombre geográfico como elemento de entrada AVES -
Subdivisión de forma LITERATURA JUVENIL
9 (RLIN) 4147
650 #2 - ASIENTO SECUNDARIO DE MATERIA - TERMINO TEMATICO
Término de materia o nombre geográfico como elemento de entrada Aves
Subdivisión general Hábitos y comportamiento
9 (RLIN) 4145
700 1# - ASIENTO SECUNDARIO--NOMBRE DE PERSONAL
Nombre de persona Esparza Salas, Rodrigo,
Término indicativo de función/relación il.
905 ## - TIPO DE MATERIAL
Tipo de material Infantil
Holdings
Estado de retiro Estado de pérdida Fuente del sistema de clasificación o colocación Estado dañado No para préstamo Código de colección Localización permanente Ubicación/localización actual Ubicación en estantería Fecha de adquisición Total de préstamos Clasificación Código de barras Fecha visto por última vez Número de copia Tipo de ítem Koha
    Library of Congress Classification     Infantil Bib. Gregorio Torres Quintero Bib. Gregorio Torres Quintero Sala infantil Planta baja 10/05/2023 3 QL676.2 H4.7 273805 31/12/2020 1 Libro